Loading...
Commentaries on Mohammedan Law
| Main Author: | |
|---|---|
| Format: | Printed Book |
| Published: |
Allahabad
Law Publishers
1997
|
| Edition: | 7th ed. |
| Subjects: |
| LEADER | 00461cam a2200157ua 4500 | ||
|---|---|---|---|
| 020 | |a 81-7111-075-4 | ||
| 082 | |a 340.59 |b VER/C | ||
| 100 | |a Verma, B.R | ||
| 245 | 0 | 0 | |a Commentaries on Mohammedan Law |
| 250 | |a 7th ed. | ||
| 260 | |a Allahabad |b Law Publishers |c 1997 | ||
| 300 | |a lxxi, 1232p. | ||
| 650 | 0 | |a Islam- Law | |
| 942 | |c REF | ||
| 999 | |c 9906 |d 9906 | ||
| 952 | |0 0 |1 0 |4 0 |6 340_590000000000000_VERC |7 0 |9 10324 |a KUCL |b KUCL |d 2014-05-23 |l 0 |o 340.59 VER/C |p 03245 |r 2017-03-04 |y REF | ||